Diseño de un modelo de gestión del control interno para el Hospital San Vicente de Paúl

সংরক্ষণ করুন:
গ্রন্থ-পঞ্জীর বিবরন
প্রধান লেখক: Bogantes Agüero, Fiorella
অন্যান্য লেখক: Flores Golfín, Diego Alberto, Quesada Webb, Ana Cristina
বিন্যাস: গ্রন্থ
ভাষা:Spanish
প্রকাশিত: [San José, Costa Rica] 2011
বিষয়গুলি:
ট্যাগগুলো: ট্যাগ যুক্ত করুন
কোনো ট্যাগ নেই, প্রথমজন হিসাবে ট্যাগ করুন!

MARC

LEADER 00000nam a22000007a 4500
003 010652
005 20221231143932.0
008 151110b2011 c a|||| |||| 00| 0 spa d
040 |c cru CEDI 
090 |a TFG 6482 
100 |9 2220  |a Bogantes Agüero, Fiorella  
245 |a  Diseño de un modelo de gestión del control interno para el Hospital San Vicente de Paúl 
260 |a [San José, Costa Rica]  |c  2011 
500 |a Proyecto de graduación (licenciatura en ingeniería industrial)--Universidad de Costa Rica. Facultad de Ingeniería. Escuela de Ingeniería Industrial 
650 |x HOSPITAL SAN VICENTE DE PAUL (HEREDIA, COSTA RICA)   |x ADMINISTRACION  |x CONTROL ADMINISTRATIVO  |x PLANIFICACION ESTRATEGICA  |x CONTROL INTERNO   |x EFECTIVIDAD ORGANIZACIONAL  |x CONTROL DE PROCESOS   |9 2223 
700 |9 2221  |a Flores Golfín, Diego Alberto 
700 |9 2222  |a Quesada Webb, Ana Cristina  
942 |c TFG 
999 |c 14468  |d 14468